000 01015nas a2200337 4500
001 BR2019001521
003 BR-BrBNA
005 20231205131929.0
007 ta
008 230509b bl.|||p| |||| 00| 00por d
040 _aBR-BrBNA
_bpor
_cBiblioteca Nacional de Agricultura
041 _a(Pt)
072 _aE73
100 1 _aRodrigues, M.C.
100 1 _aArruda, H.S.
100 1 _aRamos, J.A. de S.C.
100 1 _aAlmeida, M.E.F. de
245 1 _aUtilização das cascas e amêndoas do pequi por moradores do norte de Minas Gerais
650 _aPEQUI
650 _aCASCA
650 _aAMÊNDOA
650 _aPESQUISA
650 _aCONSUMIDOR
650 _aSAÚDE
650 _aVALOR NUTRITIVO
650 _aANÁLISE ECONÔMICA
773 0 _tRevista Agrotecnologia (Brazil)
_xISSN 2179-5959
_g(2018), v. 9(2) p. 41-48
_wBR2019001521
856 4 0 _uhttps://www.revista.ueg.br/index.php/agrotecnologia/article/view/6977
909 _a202311
_bLúcia
_c55
_dLúcia Elande
942 _2AGRIS
_n0
_cANA
999 _c257540
_d257540